| 000 | 00680nam a2200217 a 4500 | ||
|---|---|---|---|
| 001 | 000047401 | ||
| 003 | DO-SdBNP | ||
| 005 | 20220927104028.0 | ||
| 007 | ta | ||
| 008 | 180515s2015 dr a 000 spa d | ||
| 040 |
_aDO-SdBNP _bspa _cBNPHU |
||
| 082 |
_axxx _bR426c _222 |
||
| 110 |
_aRepública Dominicana. _bMinisterio de Educación _943100 |
||
| 245 | 0 |
_aCalendario escolar 2014-2015. : _brevolución educativa dominicana |
|
| 260 |
_aSanto Domingo : _bSecretaria de Estado de Educación, _c2015. |
||
| 300 |
_a80 p. : _bil ; _c21 cm. |
||
| 590 | _aInventariado, 2022 /DG | ||
| 650 | 4 |
_aCalendario escolar _zRepública Dominicana _982164 |
|
| 910 | _aDG | ||
| 942 |
_2ddc _cLBS1 |
||
| 999 |
_c52482 _d52482 |
||